000 00460nam a2200169 i 4500
001 bg
100 1 _aSOTSKOV, B. S.
245 0 _aNiezawodność elementów i urządzeń automatyki /
_cB. S. Sotskov.
260 _aWarszawa :
_bWNT,
_c1973.
650 9 _aNiezawodność urządzeń
_xbadanie
650 9 _aAutomatyka
_xurządzenia
_xbadanie
040 _cBPK
041 _apol
080 _a62-192
942 _cKS
008 s pl f |000 0 pol
999 _c26450
_d26450
856 _uhttp://koha.tu.koszalin.pl/cgi-bin/koha/opac-detail.pl?biblionumber=26450
_yKatalog online BPK